| 000 | 00921nam a22002297a 4500 | ||
|---|---|---|---|
| 999 |
_c8171 _d8171 |
||
| 003 | AR-CdUCM | ||
| 008 | 190322b ||||| |||| 00| 0 spa d | ||
| 040 |
_aMUNICIPALIDAD PROVINCIAL DEL CUSCO _cBIBLIOTECA MUNICIPAL DEL CUSCO |
||
| 082 |
_a362.293 / _bM24 |
||
| 110 |
_aInstituto de Estudios Internacionales _923048 |
||
| 245 | _aEl mapa del narcotráfico en el Perú : | ||
| 260 |
_aLima : _bPontificia Universidad Católica del Perú, Instituto de Estudios Internacionales, _c2009. |
||
| 300 |
_a449 paginas ; _bCuadros, ilustraciones, estadisticos, _c24 cm. |
||
| 505 | _aContenido: El narcotrafico -- nivel regional -- Analisis comparativo | ||
| 650 |
_aNarcotrafico _923049 |
||
| 650 |
_aRegion _923050 |
||
| 650 |
_aInternacional _94041 |
||
| 650 |
_aPerú _935 |
||
| 710 |
_aPontificia Universidad Católica del Perú. _tInstituto de Estudios Internacionales. _923051 |
||
| 942 |
_2ddc _cLIBROS |
||
| 945 | _apjha | ||